000 00617nam a2200193 a 4500
005 20240911063930.0
008 991125s1979 mx 000 0 spa u
035 _aUPN01000054202
049 _aF
050 4 _aJA84 M6
_bC8 no.1 1979
100 1 _aLópez Portillo y Pacheco, José,
_d1920-2004
245 1 0 _aSoberanía nacional y anticolonialismo /
_cJosé López Portillo.
260 _aMéxico :
_bSPP,
_c1979.
300 _a69 p.
440 0 _aCuadernos de filosofía política ;
_v1
650 4 _aIMPERIALISMO -
_vDISCURSOS, ENSAYOS, CONFERENCIAS, ETC.
650 4 _aAutonomía nacional
_93095
905 _aLibro
999 _c54202
_d54202